| 000 | 00805nam a22002057a 4500 | ||
|---|---|---|---|
| 999 |
_c19073 _d19073 |
||
| 003 | AR-CdUCM | ||
| 008 | 190516b ||||| |||| 00| 0 spa d | ||
| 040 |
_aMUNICIPALIDAD PROVINCIAL DEL CUSCO _cBIBLIOTECA MUNICIPAL DEL CUSCO |
||
| 082 |
_a335.4 / _bC13 |
||
| 100 |
_aCabrera, Cesar Humberto _940169 |
||
| 245 |
_aSocialismo o barbarie / _balternativa de hoy / |
||
| 260 |
_aLima : _bEdiciones sociales universitarias, _c1978. |
||
| 300 |
_a252 páginas ; _c21 cm. |
||
| 505 | _aContenido: La realidad y el pensamiento económico -- La inflación y el desempleo -- Los ciclos y la política monetaria -- El sistema monetario internacional... | ||
| 650 |
_aSocialismo _91037 |
||
| 650 |
_aCapitalismos _940170 |
||
| 650 |
_aPolítica monetaria _99748 |
||
| 942 |
_2ddc _cLIBROS |
||
| 945 |
_aacv _d2019-05-16 |
||